000 00726nam a2200241Ia 4500
005 20260430150419.0
008 008 250103s9999 xx 000 0 eng d
037 _aTheses
040 _aCRL
040 _beng
040 _ceng
041 _2eng
041 _aeng
084 _qCRL
100 _aKushwaha Abhinav Au.; Dharmender Kumar Gu.; Meenakshi Gu.
_91237427
245 0 _aValidation and development of norms for six factors composite physical fitness test
260 _c2022
300 _a213p.
650 _aSports
700 _aUniversity of Delhi. Faculty of Inter- Disciplinary & Applied Science. Deptt. of Physical Education & Sports Sciences
_91237161
942 _cTH
999 _c1849724
_d1849724